| 000 | 00379nam a2200145Ia 4500 | ||
|---|---|---|---|
| 008 | 240624s9999 xx 000 0 und d | ||
| 041 | _aeng | ||
| 082 | _a332.1 RAO | ||
| 100 | _aRAO P SUBBA | ||
| 245 | _aPRINCIPLES AND PRACTICE OF BANK MANAGEME | ||
| 250 | _a(2nd ed.) | ||
| 260 |
_c2011 _aNew Delhi _bHimalaya Publishing House |
||
| 300 | _a304 : p. : cm. ; 23 | ||
| 365 | _cRS | ||
| 999 |
_c28068 _d28068 |
||